000 00751nam0a22002291 4500
001 rc\2967915
005 20250530000647.0
035 _a(NLR Aleph) 007114246
090 _a6799465
_c6799465
100 _a20110906d1933 |||y0rusy50 ca
101 0 _arus
102 _aRU
105 _ay z |||||
200 1 _aЧто происходит в Германии?
_fФриц Геккерт, член ЦК Ком. партии в Германии
210 _aМосква
_cПартиздат
_d1933
_gтип. изд-ва "Дер эмес"
215 _aОбл., 40 с.
_d17×12 см
700 1 _aГеккерт
_bФ.
_f1884-1936
_gФриц
801 0 _aRU
_bNLR
_gpsbo
801 1 _aRU
_bELAR
_2rusmarc
852 _aNLR
_j33-9/1752
942 _cBOOK
980 _aNB